[Event "Estonian Chess Championship 2025 - Blitz tie-breaks"]
[Site "Tallinn, Estonia"]
[Date "2025.12.14"]
[Round "13.3"]
[White "Seeman, Tarvo"]
[Black "Kanep, Meelis"]
[Result "1/2-1/2"]
[WhiteTitle "IM"]
[BlackTitle "GM"]
[WhiteElo "2355"]
[BlackElo "2378"]

1. c4 {

[%clk 00:03:04]

} g6 {

[%clk 00:03:03]

} {

[%emt 00:00:02]

} 2. g3 {

[%clk 00:03:04]

} {

[%emt 00:00:02]

} Bg7 {

[%clk 00:03:04]

} 3. Bg2 {

[%clk 00:03:05]

} {

[%emt 00:00:01]

} c5 {

[%clk 00:03:03]

} {

[%emt 00:00:03]

} 4. Nf3 {

[%clk 00:02:58]

} {

[%emt 00:00:09]

} Nc6 {

[%clk 00:03:03]

} {

[%emt 00:00:02]

} 5. Nc3 {

[%clk 00:02:58]

} {

[%emt 00:00:02]

} Nf6 {

[%clk 00:03:01]

} {

[%emt 00:00:03]

} 6. O-O {

[%clk 00:02:58]

} {

[%emt 00:00:03]

} O-O {

[%clk 00:03:01]

} {

[%emt 00:00:02]

} 7. d4 {

[%clk 00:02:58]

} {

[%emt 00:00:02]

} cxd4 {

[%clk 00:03:00]

} {

[%emt 00:00:03]

} 8. Nxd4 {

[%clk 00:03:00]

} d6 {

[%clk 00:03:01]

} {

[%emt 00:00:02]

} 9. b3 {

[%clk 00:02:55]

} {

[%emt 00:00:07]

} Nxd4 {

[%clk 00:02:52]

} {

[%emt 00:00:10]

} 10. Qxd4 {

[%clk 00:02:56]

} Ne4 {

[%clk 00:02:44]

} {

[%emt 00:00:11]

} 11. Qxe4 {

[%clk 00:02:56]

} {

[%emt 00:00:02]

} Bxc3 {

[%clk 00:02:44]

} {

[%emt 00:00:02]

} 12. Bh6 {

[%clk 00:02:56]

} {

[%emt 00:00:01]

} Bxa1 {

[%clk 00:02:38]

} {

[%emt 00:00:08]

} 13. Bxf8 {

[%clk 00:02:56]

} {

[%emt 00:00:02]

} Qxf8 {

[%clk 00:02:32]

} {

[%emt 00:00:08]

} 14. Rxa1 {

[%clk 00:02:55]

} {

[%emt 00:00:03]

} Rb8 {

[%clk 00:02:32]

} {

[%emt 00:00:02]

} 15. Rd1 {

[%clk 00:02:44]

} {

[%emt 00:00:13]

} b6 {

[%clk 00:02:29]

} {

[%emt 00:00:05]

} 16. Qe3 {

[%clk 00:02:41]

} {

[%emt 00:00:05]

} Bb7 {

[%clk 00:02:20]

} {

[%emt 00:00:11]

} 17. Bxb7 {

[%clk 00:02:36]

} {

[%emt 00:00:07]

} Rxb7 {

[%clk 00:02:21]

} {

[%emt 00:00:01]

} 18. h4 {

[%clk 00:02:37]

} Rc7 {

[%clk 00:02:16]

} {

[%emt 00:00:07]

} 19. Rd5 {

[%clk 00:02:30]

} {

[%emt 00:00:09]

} Rc5 {

[%clk 00:01:56]

} {

[%emt 00:00:22]

} 20. Rxc5 {

[%clk 00:02:26]

} {

[%emt 00:00:06]

} bxc5 {

[%clk 00:01:57]

} {

[%emt 00:00:01]

} 21. Qe4 {

[%clk 00:02:19]

} {

[%emt 00:00:08]

} Qd8 {

[%clk 00:01:33]

} {

[%emt 00:00:27]

} 22. Qb7 {

[%clk 00:02:15]

} {

[%emt 00:00:06]

} a5 {

[%clk 00:01:33]

} {

[%emt 00:00:01]

} 23. Kg2 {

[%clk 00:02:12]

} {

[%emt 00:00:05]

} h5 {

[%clk 00:01:32]

} {

[%emt 00:00:03]

} 24. e4 {

[%clk 00:02:05]

} {

[%emt 00:00:08]

} Kg7 {

[%clk 00:01:29]

} {

[%emt 00:00:06]

} 25. Kf3 {

[%clk 00:02:01]

} {

[%emt 00:00:06]

} Kg8 {

[%clk 00:01:27]

} {

[%emt 00:00:03]

} 26. Ke3 {

[%clk 00:01:47]

} {

[%emt 00:00:17]

} Kg7 {

[%clk 00:01:27]

} {

[%emt 00:00:02]

} 27. Kf3 {

[%clk 00:01:45]

} {

[%emt 00:00:04]

} Kg8 {

[%clk 00:01:28]

} 28. Ke2 {

[%clk 00:01:46]

} Kg7 {

[%clk 00:01:29]

} 29. Ke3 {

[%clk 00:01:47]

} Kg8 {

[%clk 00:01:30]

} 30. Kf3 {

[%clk 00:01:41]

} {

[%emt 00:00:08]

} 1/2-1/2

[Event "Estonian Chess Championship 2025 - Armageddon tie-break"]
[Site "Tallinn, Estonia"]
[Date "2025.12.14"]
[Round "14.3"]
[White "Seeman, Tarvo"]
[Black "Kanep, Meelis"]
[Result "0-1"]
[WhiteTitle "IM"]
[BlackTitle "GM"]
[WhiteElo "2355"]
[BlackElo "2378"]

1. c4 {

[%clk 00:04:59]

} g6 {

[%clk 00:04:00]

} 2. g3 {

[%clk 00:04:58]

} {

[%emt 00:00:02]

} Bg7 {

[%clk 00:03:59]

} 3. Bg2 {

[%clk 00:04:57]

} Nf6 {

[%clk 00:03:58]

} {

[%emt 00:00:01]

} 4. Nc3 {

[%clk 00:04:56]

} {

[%emt 00:00:01]

} O-O {

[%clk 00:03:56]

} {

[%emt 00:00:02]

} 5. Nf3 {

[%clk 00:04:54]

} {

[%emt 00:00:01]

} d6 {

[%clk 00:03:55]

} {

[%emt 00:00:01]

} 6. O-O {

[%clk 00:04:50]

} {

[%emt 00:00:05]

} c6 {

[%clk 00:03:53]

} {

[%emt 00:00:02]

} 7. d4 {

[%clk 00:04:44]

} {

[%emt 00:00:05]

} Qb6 {

[%clk 00:03:52]

} {

[%emt 00:00:02]

} 8. h3 {

[%clk 00:04:37]

} {

[%emt 00:00:07]

} Qa6 {

[%clk 00:03:51]

} {

[%emt 00:00:01]

} 9. Nd2 {

[%clk 00:04:23]

} {

[%emt 00:00:14]

} Qb6 {

[%clk 00:03:50]

} {

[%emt 00:00:01]

} 10. e3 {

[%clk 00:04:06]

} {

[%emt 00:00:17]

} e5 {

[%clk 00:03:46]

} {

[%emt 00:00:04]

} 11. c5 {

[%clk 00:03:42]

} {

[%emt 00:00:24]

} dxc5 {

[%clk 00:03:43]

} {

[%emt 00:00:04]

} 12. dxe5 {

[%clk 00:03:35]

} {

[%emt 00:00:07]

} Nfd7 {

[%clk 00:03:39]

} {

[%emt 00:00:04]

} 13. f4 {

[%clk 00:03:34]

} {

[%emt 00:00:01]

} Qc7 {

[%clk 00:03:25]

} {

[%emt 00:00:14]

} 14. Nc4 {

[%clk 00:03:27]

} {

[%emt 00:00:08]

} Nb6 {

[%clk 00:03:16]

} {

[%emt 00:00:08]

} 15. Qd6 {

[%clk 00:03:19]

} {

[%emt 00:00:07]

} Qxd6 {

[%clk 00:03:00]

} {

[%emt 00:00:16]

} 16. Nxd6 {

[%clk 00:03:18]

} {

[%emt 00:00:01]

} f6 {

[%clk 00:02:58]

} {

[%emt 00:00:02]

} 17. exf6 {

[%clk 00:03:01]

} {

[%emt 00:00:17]

} Bxf6 {

[%clk 00:02:55]

} {

[%emt 00:00:03]

} 18. Nce4 {

[%clk 00:02:47]

} {

[%emt 00:00:14]

} Be7 {

[%clk 00:02:52]

} {

[%emt 00:00:03]

} 19. b3 {

[%clk 00:02:36]

} {

[%emt 00:00:11]

} Nd5 {

[%clk 00:02:45]

} {

[%emt 00:00:06]

} 20. Re1 {

[%clk 00:02:29]

} {

[%emt 00:00:07]

} Na6 {

[%clk 00:02:37]

} {

[%emt 00:00:09]

} 21. Bb2 {

[%clk 00:02:09]

} {

[%emt 00:00:20]

} Rb8 {

[%clk 00:02:36]

} 22. Nxc8 {

[%clk 00:02:03]

} {

[%emt 00:00:06]

} Rbxc8 {

[%clk 00:02:33]

} {

[%emt 00:00:03]

} 23. Rad1 {

[%clk 00:01:42]

} {

[%emt 00:00:20]

} Rcd8 {

[%clk 00:02:24]

} {

[%emt 00:00:10]

} 24. a3 {

[%clk 00:01:35]

} {

[%emt 00:00:08]

} Nac7 {

[%clk 00:02:05]

} {

[%emt 00:00:18]

} 25. Kf2 {

[%clk 00:01:33]

} {

[%emt 00:00:02]

} Ne6 {

[%clk 00:02:00]

} {

[%emt 00:00:05]

} 26. h4 {

[%clk 00:01:27]

} {

[%emt 00:00:06]

} Ng7 {

[%clk 00:01:51]

} {

[%emt 00:00:09]

} 27. Nc3 {

[%clk 00:01:22]

} {

[%emt 00:00:06]

} Nxc3 {

[%clk 00:01:45]

} {

[%emt 00:00:06]

} 28. Bxc3 {

[%clk 00:01:20]

} Nf5 {

[%clk 00:01:43]

} {

[%emt 00:00:02]

} 29. Bh3 {

[%clk 00:01:13]

} {

[%emt 00:00:07]

} Kf7 {

[%clk 00:01:20]

} {

[%emt 00:00:23]

} 30. Kf3 {

[%clk 00:01:10]

} {

[%emt 00:00:03]

} Nd6 {

[%clk 00:01:08]

} {

[%emt 00:00:12]

} 31. Be5 {

[%clk 00:01:04]

} {

[%emt 00:00:06]

} Nb5 {

[%clk 00:01:01]

} {

[%emt 00:00:07]

} 32. a4 {

[%clk 00:01:03]

} {

[%emt 00:00:01]

} Nd6 {

[%clk 00:01:00]

} 33. Bxd6 {

[%clk 00:00:58]

} {

[%emt 00:00:05]

} Rxd6 {

[%clk 00:00:57]

} {

[%emt 00:00:03]

} 34. Rxd6 {

[%clk 00:00:57]

} {

[%emt 00:00:01]

} Bxd6 {

[%clk 00:00:56]

} 35. Rd1 {

[%clk 00:00:54]

} {

[%emt 00:00:03]

} Rd8 {

[%clk 00:00:55]

} {

[%emt 00:00:02]

} 36. e4 {

[%clk 00:00:53]

} {

[%emt 00:00:01]

} Be7 {

[%clk 00:00:54]

} 37. Rxd8 Bxd8 {

[%clk 00:00:53]

} 38. Bc8 {

[%clk 00:00:49]

} {

[%emt 00:00:02]

} b5 {

[%clk 00:00:49]

} {

[%emt 00:00:04]

} 39. Ba6 {

[%clk 00:00:43]

} {

[%emt 00:00:06]

} c4 {

[%clk 00:00:46]

} {

[%emt 00:00:03]

} 40. bxc4 {

[%clk 00:00:42]

} {

[%emt 00:00:01]

} bxa4 {

[%clk 00:00:45]

} {

[%emt 00:00:01]

} 41. c5 {

[%clk 00:00:38]

} {

[%emt 00:00:04]

} Be7 {

[%clk 00:00:42]

} {

[%emt 00:00:03]

} 42. Bc4+ {

[%clk 00:00:36]

} {

[%emt 00:00:02]

} Kf8 {

[%clk 00:00:41]

} {

[%emt 00:00:01]

} 43. e5 {

[%clk 00:00:32]

} {

[%emt 00:00:04]

} Bxc5 {

[%clk 00:00:40]

} 44. g4 {

[%clk 00:00:31]

} a3 {

[%clk 00:00:39]

} {

[%emt 00:00:01]

} 45. f5 {

[%clk 00:00:29]

} {

[%emt 00:00:02]

} gxf5 {

[%clk 00:00:37]

} {

[%emt 00:00:02]

} 46. gxf5 {

[%clk 00:00:28]

} Bd4 {

[%clk 00:00:36]

} {

[%emt 00:00:02]

} 47. Ke4 {

[%clk 00:00:27]

} {

[%emt 00:00:01]

} Bc3 {

[%clk 00:00:33]

} {

[%emt 00:00:03]

} 48. f6 {

[%clk 00:00:25]

} {

[%emt 00:00:01]

} Bb4 {

[%clk 00:00:30]

} {

[%emt 00:00:03]

} 49. h5 {

[%clk 00:00:23]

} {

[%emt 00:00:02]

} h6 {

[%clk 00:00:29]

} {

[%emt 00:00:01]

} 50. Kf5 {

[%clk 00:00:22]

} a5 {

[%clk 00:00:28]

} {

[%emt 00:00:01]

} 51. Kg6 {

[%clk 00:00:18]

} {

[%emt 00:00:03]

} Bc5 {

[%clk 00:00:26]

} {

[%emt 00:00:03]

} 52. e6 {

[%clk 00:00:12]

} {

[%emt 00:00:06]

} a4 {

[%clk 00:00:26]

} 53. Kxh6 {

[%clk 00:00:10]

} {

[%emt 00:00:01]

} Bb4 {

[%clk 00:00:25]

} 54. Kg6 {

[%clk 00:00:10]

} {

[%emt 00:00:01]

} a2 {

[%clk 00:00:23]

} 55. Bxa2 {

[%clk 00:00:08]

} {

[%emt 00:00:02]

} Ke8 {

[%clk 00:00:23]

} 56. h6 {

[%clk 00:00:07]

} Kd8 {

[%clk 00:00:23]

} 57. h7 {

[%clk 00:00:06]

} Kc7 {

[%clk 00:00:22]

} 58. h8=Q Kb6 59. Qb8+ {

[%clk 00:00:04]

} Kc5 {

[%clk 00:00:21]

} 60. Qe5+ {

[%clk 00:00:03]

} Kb6 {

[%clk 00:00:21]

} 61. Qd4+ {

[%clk 00:00:02]

} Bc5 {

[%clk 00:00:20]

} {

[%emt 00:00:01]

} 62. Qc3 {

[%clk 00:00:01]

} a3 {

[%clk 00:00:18]

} {

[%emt 00:00:02]

} 63. Qc4 {

[%emt 00:00:02]

} 0-1

[Event "Estonian Chess Championship 2025"]
[Site "Tallinn, Estonia"]
[Date "2025.12.13"]
[Round "8.4"]
[White "Chukavin, Kirill"]
[Black "Medar, Marti"]
[Result "1-0"]
[WhiteTitle "FM"]
[WhiteElo "2358"]
[BlackElo "2086"]

1. e4 {

[%clk 01:30:53]

} {

[%emt 00:00:05]

} c5 {

[%clk 01:30:44]

} {

[%emt 00:00:16]

} 2. Nf3 {

[%clk 01:30:34]

} {

[%emt 00:00:50]

} d6 {

[%clk 01:30:54]

} {

[%emt 00:00:20]

} 3. d4 {

[%clk 01:28:39]

} {

[%emt 00:02:25]

} cxd4 {

[%clk 01:31:17]

} {

[%emt 00:00:07]

} 4. Nxd4 {

[%clk 01:29:03]

} {

[%emt 00:00:05]

} Nf6 {

[%clk 01:31:41]

} {

[%emt 00:00:07]

} 5. Nc3 {

[%clk 01:29:26]

} {

[%emt 00:00:07]

} a6 {

[%clk 01:31:34]

} {

[%emt 00:00:36]

} 6. g3 {

[%clk 01:26:34]

} {

[%emt 00:03:23]

} Bg4 {

[%clk 01:23:19]

} {

[%emt 00:08:45]

} 7. Qd3 {

[%clk 01:17:13]

} {

[%emt 00:09:52]

} Nbd7 {

[%clk 01:19:34]

} {

[%emt 00:04:15]

} 8. f4 {

[%clk 01:08:39]

} {

[%emt 00:09:03]

} Nc5 {

[%clk 01:09:12]

} {

[%emt 00:10:53]

} 9. Qe3 {

[%clk 01:09:01]

} {

[%emt 00:00:08]

} e5 {

[%clk 01:08:18]

} {

[%emt 00:01:24]

} 10. Nb3 {

[%clk 01:09:11]

} {

[%emt 00:00:19]

} Be6 {

[%clk 00:55:42]

} {

[%emt 00:13:07]

} 11. Nxc5 {

[%clk 01:02:32]

} {

[%emt 00:07:08]

} dxc5 {

[%clk 00:55:58]

} {

[%emt 00:00:14]

} 12. f5 {

[%clk 01:02:40]

} {

[%emt 00:00:21]

} Bd7 {

[%clk 00:54:46]

} {

[%emt 00:01:42]

} 13. Qf3 {

[%clk 00:56:17]

} {

[%emt 00:06:53]

} h6 {

[%clk 00:49:03]

} {

[%emt 00:06:13]

} 14. g4 {

[%clk 00:48:28]

} {

[%emt 00:08:19]

} Bc6 {

[%clk 00:42:36]

} {

[%emt 00:06:57]

} 15. h4 {

[%clk 00:47:58]

} {

[%emt 00:01:00]

} Qd4 {

[%clk 00:38:29]

} {

[%emt 00:04:37]

} 16. Bg2 {

[%clk 00:42:49]

} {

[%emt 00:05:38]

} O-O-O {

[%clk 00:34:34]

} {

[%emt 00:04:26]

} 17. a3 {

[%clk 00:41:21]

} {

[%emt 00:01:59]

} Be7 {

[%clk 00:30:42]

} {

[%emt 00:04:22]

} 18. Be3 {

[%clk 00:40:06]

} {

[%emt 00:01:43]

} Qd6 {

[%clk 00:28:17]

} {

[%emt 00:02:56]

} 19. g5 {

[%clk 00:35:48]

} {

[%emt 00:04:47]

} Nd7 {

[%clk 00:27:04]

} {

[%emt 00:01:44]

} 20. Rd1 {

[%clk 00:35:21]

} {

[%emt 00:00:57]

} Qc7 {

[%clk 00:26:15]

} {

[%emt 00:01:19]

} 21. f6 {

[%clk 00:24:56]

} {

[%emt 00:10:54]

} gxf6 {

[%clk 00:25:50]

} {

[%emt 00:00:55]

} 22. gxh6 {

[%clk 00:25:16]

} {

[%emt 00:00:10]

} Nf8 {

[%clk 00:24:32]

} {

[%emt 00:01:48]

} 23. Nd5 {

[%clk 00:23:18]

} {

[%emt 00:02:28]

} Bxd5 {

[%clk 00:24:15]

} {

[%emt 00:00:48]

} 24. exd5 {

[%clk 00:23:41]

} {

[%emt 00:00:06]

} Ng6 {

[%clk 00:18:15]

} {

[%emt 00:06:30]

} 25. Bh3+ {

[%clk 00:16:02]

} {

[%emt 00:08:08]

} Kb8 {

[%clk 00:18:26]

} {

[%emt 00:00:19]

} 26. Bf5 {

[%clk 00:16:22]

} {

[%emt 00:00:09]

} Nf4 {

[%clk 00:13:44]

} {

[%emt 00:05:12]

} 27. h7 {

[%clk 00:16:36]

} {

[%emt 00:00:17]

} c4 {

[%clk 00:13:20]

} {

[%emt 00:00:54]

} 28. Rg1 {

[%clk 00:11:49]

} {

[%emt 00:05:17]

} Bc5 {

[%clk 00:13:03]

} {

[%emt 00:00:48]

} 29. Rg7 {

[%clk 00:11:31]

} {

[%emt 00:00:46]

} Bxe3 {

[%clk 00:09:31]

} {

[%emt 00:04:02]

} 30. Qxe3 {

[%clk 00:11:59]

} {

[%emt 00:00:02]

} Nxd5 {

[%clk 00:07:51]

} {

[%emt 00:02:11]

} 31. Qf3 {

[%clk 00:10:03]

} {

[%emt 00:02:26]

} Ne7 {

[%clk 00:04:37]

} {

[%emt 00:03:43]

} 32. Rxd8+ {

[%clk 00:06:15]

} {

[%emt 00:04:19]

} Qxd8 {

[%clk 00:05:06]

} {

[%emt 00:00:01]

} 33. Rxf7 {

[%clk 00:06:28]

} {

[%emt 00:00:17]

} Qa5+ {

[%clk 00:03:59]

} {

[%emt 00:01:38]

} 34. Kf1 {

[%clk 00:06:01]

} {

[%emt 00:03:32]

} Qc5 {

[%emt 00:00:35]

} 35. Be4 {

[%clk 00:05:53]

} {

[%emt 00:00:29]

} f5 36. Bxf5 {

[%clk 00:06:12]

} c3 {

[%clk 00:00:51]

} 37. b4 {

[%clk 00:05:30]

} {

[%emt 00:00:39]

} Qc4+ {

[%clk 00:00:45]

} {

[%emt 00:00:36]

} 38. Bd3 {

[%clk 00:05:48]

} {

[%emt 00:00:12]

} Qxh4 {

[%clk 00:00:49]

} {

[%emt 00:00:27]

} 39. Rf8+ {

[%clk 00:06:06]

} {

[%emt 00:00:12]

} 1-0

[Event "Estonian Chess Championship 2025"]
[Site "Tallinn, Estonia"]
[Date "2025.12.14"]
[Round "9.4"]
[White "Medar, Marti"]
[Black "Chukavin, Kirill"]
[Result "1-0"]
[BlackTitle "FM"]
[WhiteElo "2086"]
[BlackElo "2358"]

1. d4 {

[%clk 01:30:52]

} d5 {

[%clk 01:29:52]

} 2. c4 {

[%clk 01:30:45]

} e6 {

[%clk 01:29:31]

} 3. Nc3 {

[%clk 01:30:16]

} Nf6 {

[%clk 01:26:34]

} 4. Bg5 {

[%clk 01:27:40]

} c6 {

[%clk 01:25:22]

} 5. e3 {

[%clk 01:27:11]

} Bb4 {

[%clk 01:18:19]

} 6. Qc2 h6 {

[%clk 01:12:53]

} {

[%emt 00:00:26]

} 7. Bh4 {

[%clk 01:21:52]

} {

[%emt 00:01:02]

} g5 {

[%clk 01:13:05]

} {

[%emt 00:00:19]

} 8. Bg3 {

[%clk 01:22:12]

} {

[%emt 00:00:10]

} Ne4 {

[%clk 01:13:20]

} {

[%emt 00:00:15]

} 9. Bd3 {

[%clk 01:21:07]

} {

[%emt 00:01:35]

} Nxg3 {

[%clk 01:04:24]

} {

[%emt 00:09:26]

} 10. hxg3 {

[%clk 01:20:38]

} {

[%emt 00:00:58]

} Nd7 {

[%clk 01:04:28]

} {

[%emt 00:00:27]

} 11. Nge2 {

[%clk 01:16:18]

} {

[%emt 00:04:50]

} b6 {

[%clk 00:54:07]

} {

[%emt 00:10:52]

} 12. e4 {

[%clk 01:02:44]

} {

[%emt 00:14:03]

} Bb7 {

[%clk 00:53:18]

} {

[%emt 00:01:18]

} 13. cxd5 {

[%clk 00:52:56]

} {

[%emt 00:10:18]

} exd5 {

[%clk 00:46:29]

} {

[%emt 00:07:20]

} 14. e5 {

[%clk 00:52:21]

} {

[%emt 00:01:05]

} Nf8 {

[%clk 00:37:33]

} {

[%emt 00:09:26]

} 15. f4 {

[%clk 00:51:45]

} {

[%emt 00:01:07]

} Qe7 {

[%clk 00:36:31]

} {

[%emt 00:01:32]

} 16. Kf2 {

[%clk 00:45:04]

} {

[%emt 00:07:10]

} O-O-O {

[%clk 00:32:09]

} {

[%emt 00:04:53]

} 17. Nd1 {

[%clk 00:41:55]

} {

[%emt 00:03:40]

} Qc7 {

[%clk 00:31:25]

} {

[%emt 00:01:14]

} 18. Rc1 {

[%clk 00:38:11]

} {

[%emt 00:04:14]

} f6 {

[%clk 00:26:38]

} {

[%emt 00:05:16]

} 19. Bb5 {

[%clk 00:33:22]

} {

[%emt 00:05:19]

} fxe5 {

[%clk 00:12:15]

} {

[%emt 00:30:11]

} 20. a3 {

[%clk 00:16:35]

} {

[%emt 00:02:00]

} Be7 {

[%clk 00:11:17]

} {

[%emt 00:01:28]

} 21. Bxc6 {

[%clk 00:12:35]

} {

[%emt 00:04:30]

} Bxc6 {

[%clk 00:10:52]

} {

[%emt 00:00:55]

} 22. Qxc6 {

[%clk 00:12:48]

} {

[%emt 00:00:16]

} Qxc6 {

[%clk 00:11:17]

} {

[%emt 00:00:05]

} 23. Rxc6+ {

[%clk 00:13:13]

} {

[%emt 00:00:05]

} Kd7 {

[%clk 00:09:43]

} {

[%emt 00:02:04]

} 24. Rcxh6 {

[%clk 00:11:21]

} {

[%emt 00:02:22]

} Rxh6 {

[%clk 00:10:05]

} {

[%emt 00:00:09]

} 25. Rxh6 {

[%clk 00:11:46]

} {

[%emt 00:00:04]

} exd4 {

[%clk 00:06:27]

} {

[%emt 00:04:09]

} 26. f5 {

[%clk 00:09:53]

} {

[%emt 00:02:23]

} Rc8 {

[%clk 00:05:15]

} {

[%emt 00:01:42]

} 27. Nxd4 {

[%clk 00:07:58]

} {

[%emt 00:02:24]

} Rc4 {

[%clk 00:03:33]

} {

[%emt 00:02:13]

} 28. Nf3 {

[%clk 00:06:19]

} {

[%emt 00:02:08]

} Rc2+ {

[%clk 00:03:43]

} {

[%emt 00:00:20]

} 29. Kf1 {

[%clk 00:05:53]

} {

[%emt 00:00:54]

} d4 {

[%clk 00:02:49]

} {

[%emt 00:01:26]

} 30. Ne5+ {

[%clk 00:04:45]

} {

[%emt 00:01:38]

} Kc7 {

[%clk 00:02:16]

} {

[%emt 00:01:03]

} 31. Ng6 {

[%clk 00:03:35]

} {

[%emt 00:01:39]

} Rc6 {

[%clk 00:01:48]

} {

[%emt 00:00:59]

} 32. Ke2 {

[%clk 00:03:02]

} {

[%emt 00:01:03]

} Kd8 {

[%clk 00:01:18]

} {

[%emt 00:01:00]

} 33. Rh8 {

[%clk 00:02:58]

} {

[%emt 00:00:33]

} Ke8 {

[%clk 00:01:42]

} {

[%emt 00:00:07]

} 34. Kd2 {

[%clk 00:01:34]

} {

[%emt 00:01:53]

} g4 {

[%clk 00:00:53]

} {

[%emt 00:01:20]

} 35. Nf2 {

[%clk 00:01:41]

} {

[%emt 00:00:23]

} Rf6 {

[%clk 00:00:48]

} {

[%emt 00:00:35]

} 36. Nxf8 {

[%clk 00:01:02]

} {

[%emt 00:01:09]

} Bxf8 {

[%clk 00:01:02]

} {

[%emt 00:00:17]

} 37. Rh5 {

[%clk 00:01:15]

} {

[%emt 00:00:16]

} Bh6+ {

[%clk 00:01:15]

} {

[%emt 00:00:17]

} 38. Kd3 {

[%clk 00:01:38]

} {

[%emt 00:00:07]

} Bc1 {

[%clk 00:01:29]

} {

[%emt 00:00:16]

} 39. Nxg4 {

[%clk 00:01:39]

} {

[%emt 00:02:41]

} Rd6 {

[%clk 00:00:47]

} 40. Rh8+ {

[%clk 00:16:03]

} {

[%emt 00:00:06]

} 1-0

[Event "Estonian Chess Championship 2025 - Rapid tie-breaks"]
[Site "Tallinn, Estonia"]
[Date "2025.12.14"]
[Round "10.4"]
[White "Chukavin, Kirill"]
[Black "Medar, Marti"]
[Result "1-0"]
[WhiteTitle "FM"]
[WhiteElo "2358"]
[BlackElo "2086"]

1. e4 {

[%clk 00:15:03]

} {

[%emt 00:00:02]

} c5 {

[%clk 00:15:04]

} {

[%emt 00:00:02]

} 2. Nf3 {

[%clk 00:15:05]

} {

[%emt 00:00:02]

} d6 {

[%clk 00:15:06]

} 3. d4 {

[%clk 00:15:07]

} cxd4 {

[%clk 00:15:08]

} {

[%emt 00:00:04]

} 4. Nxd4 {

[%clk 00:15:08]

} {

[%emt 00:00:01]

} Nf6 {

[%clk 00:15:09]

} {

[%emt 00:00:02]

} 5. Nc3 {

[%clk 00:15:10]

} {

[%emt 00:00:02]

} a6 {

[%clk 00:15:11]

} {

[%emt 00:00:01]

} 6. h3 {

[%clk 00:15:08]

} {

[%emt 00:00:05]

} e6 {

[%clk 00:14:33]

} {

[%emt 00:00:40]

} 7. g4 {

[%clk 00:15:00]

} {

[%emt 00:00:12]

} h6 {

[%clk 00:13:22]

} {

[%emt 00:01:13]

} 8. f4 {

[%clk 00:14:32]

} {

[%emt 00:00:31]

} b5 {

[%clk 00:11:58]

} {

[%emt 00:01:27]

} 9. Bg2 {

[%clk 00:14:11]

} {

[%emt 00:00:25]

} Bb7 {

[%clk 00:11:55]

} {

[%emt 00:00:06]

} 10. a3 {

[%clk 00:13:41]

} {

[%emt 00:00:34]

} e5 {

[%clk 00:09:17]

} {

[%emt 00:02:40]

} 11. Nf5 {

[%clk 00:11:58]

} {

[%emt 00:01:46]

} g6 {

[%clk 00:08:37]

} {

[%emt 00:00:42]

} 12. fxe5 {

[%clk 00:10:46]

} {

[%emt 00:01:16]

} dxe5 {

[%clk 00:07:03]

} {

[%emt 00:01:37]

} 13. Qxd8+ {

[%clk 00:10:47]

} {

[%emt 00:00:03]

} Kxd8 {

[%clk 00:07:04]

} {

[%emt 00:00:01]

} 14. Ne3 {

[%clk 00:08:38]

} {

[%emt 00:02:13]

} Bc5 {

[%clk 00:06:43]

} {

[%emt 00:00:24]

} 15. Rf1 {

[%clk 00:07:45]

} {

[%emt 00:00:56]

} Nbd7 {

[%clk 00:06:04]

} {

[%emt 00:00:41]

} 16. Ned5 {

[%clk 00:06:40]

} {

[%emt 00:01:09]

} Nxd5 {

[%clk 00:05:04]

} {

[%emt 00:01:04]

} 17. Nxd5 {

[%clk 00:06:16]

} {

[%emt 00:00:27]

} Bxd5 {

[%clk 00:04:05]

} {

[%emt 00:01:01]

} 18. exd5 {

[%clk 00:06:17]

} {

[%emt 00:00:01]

} Ke8 {

[%clk 00:02:45]

} {

[%emt 00:01:23]

} 19. Bd2 {

[%clk 00:05:56]

} {

[%emt 00:00:24]

} Bd6 {

[%clk 00:02:41]

} {

[%emt 00:00:07]

} 20. Bb4 {

[%clk 00:04:14]

} {

[%emt 00:01:45]

} Nc5 {

[%clk 00:00:35]

} {

[%emt 00:02:09]

} 21. Bxc5 {

[%clk 00:01:18]

} {

[%emt 00:02:58]

} Bxc5 {

[%clk 00:00:37]

} {

[%emt 00:00:01]

} 22. d6 {

[%clk 00:01:20]

} Rd8 {

[%clk 00:00:30]

} {

[%emt 00:00:10]

} 23. Bc6+ {

[%clk 00:01:02]

} {

[%emt 00:00:21]

} Kf8 {

[%clk 00:00:32]

} {

[%emt 00:00:01]

} 24. d7 {

[%clk 00:01:00]

} {

[%emt 00:00:06]

} Ke7 {

[%clk 00:00:29]

} {

[%emt 00:00:06]

} 25. c3 {

[%clk 00:00:35]

} {

[%emt 00:00:27]

} Rhf8 {

[%clk 00:00:27]

} {

[%emt 00:00:05]

} 26. b4 {

[%clk 00:00:34]

} {

[%emt 00:00:05]

} Be3 {

[%clk 00:00:19]

} {

[%emt 00:00:10]

} 27. a4 {

[%clk 00:00:36]

} {

[%emt 00:00:01]

} bxa4 {

[%clk 00:00:18]

} {

[%emt 00:00:05]

} 28. Rxa4 {

[%clk 00:00:38]

} f5 {

[%clk 00:00:15]

} {

[%emt 00:00:05]

} 29. Ke2 {

[%clk 00:00:37]

} {

[%emt 00:00:04]

} Bf4 {

[%clk 00:00:10]

} {

[%emt 00:00:08]

} 30. Rxa6 {

[%clk 00:00:35]

} {

[%emt 00:00:05]

} e4 {

[%clk 00:00:12]

} 31. Rxf4 {

[%clk 00:00:35]

} {

[%emt 00:00:03]

} 1-0